| 000 | 00811nam a22001937a 4500 | ||
|---|---|---|---|
| 005 | 20151127020913.0 | ||
| 008 | 151127b ck ||||br|||| 00| 0 spa d | ||
| 040 |
_aCO-BoIAVH _cCO-BoIAVH |
||
| 041 | 0 | _aspa | |
| 044 | _ack | ||
| 090 |
_aEA- _b322 |
||
| 245 | 1 | 0 |
_aEstrategia pedagógica en educación ambiental desde la cosmovisión de los pueblos afrocolombianos, municipio de Dibulla, La Guajira: _bLas historias del viejo Lucho |
| 260 | 3 |
_aColombia?: _bCorpoguajira, _bFundación Guajira, _c2015?. |
|
| 300 |
_a23 páginas : _bilustraciones, fotografías y tablas a color ; _c28 x 22 cm. |
||
| 650 | 6 |
_aEducación ambiental _zGuajira (Departamento, Colombia) |
|
| 650 | 6 |
_aBiodiversidad _xConservación _zGuajira (Departamento, Colombia) |
|
| 710 | 2 | _aCorpoguajira | |
| 942 |
_2z _cFolleto |
||
| 999 |
_c17879 _d17879 |
||